2025/26 English League Champions - Statistics

General Stats
  • This quiz has been taken 7 times
  • The average score is 5 of 59
Answer Stats
League Champion % Correct
Premier League Arsenal
100%
Championship Coventry
71%
Carabao Cup Manchester City
71%
FA Cup Manchester City
71%
League One Lincoln City
43%
FA Trophy Southend
43%
Community Shield Crystal Palace
29%
National League York City
29%
League Two Bromley
14%
Northern Premier League Division One West Bury
14%
EFL Trophy Luton Town
14%
Northern Premier League Division One Midlands Anstey Nomands
0%
Combined North Counties League Ashford
0%
Western Premier League Barnstaple
0%
National League Cup Boreham
0%
United Counties Northern League Boston
0%
Southwest Peninsula Premier League East Bovey Tracey
0%
Combined South Counties League Cobham
0%
Northern East Counties League Division One Dearne
0%
Western Premier League Division One Devizes
0%
Spartan South Midlands League Division One Everett
0%
Wessex League Division One Fleetlands
0%
Isthmian Premier League Folkestone
0%
Southern South Premier League Division One Frome Town
0%
National League North Fylde
0%
Southern Combine League Division One Godalming
0%
Southern Counties East League Division One Greenwich
0%
Northern League Division One Guisborough
0%
Midlands Football League Hanley Town
0%
Southern Central Premier League Harborough
0%
Spartan South Midlands League Haringey
0%
Northern Premier League Hebburn
0%
Eastern Counties League Division One South Hutton
0%
Eastern Counties League Division One North Kings Park Rangers
0%
Midlands Football League Division One Knowle
0%
Isthmian Premier League Division One South Central Leatherhead
0%
Southern Central Premier League Division One Leighton Town
0%
Southwest Peninsula Premier League West Liskeard
0%
Essex Premier League Little Oakley
0%
Northern East Counties League Liversedge
0%
Isthmian Premier League Division One North Maldon
0%
Eastern Counties Premier League Mulbarton
0%
Northwest North Counties League Nelson
0%
United Counties Southern League Nuneaton
0%
Combined Counties League Division One Penn
0%
Northern Premier League Division One East Redcar Athletic
0%
Northern League Division Two Redcar Town
0%
United Counties League Division One Retford
0%
Northwest South Counties League Runcorn Town
0%
Hellenic League Slimbridge
0%
Southern Combine League Steyning
0%
FA Vase Stoneham
0%
Wessex Premier League Stoneham
0%
Hellenic League Division One Stratford
0%
Isthmian Premier League Division One South East Three Bridges
0%
Southern South Premier League Walton
0%
Southern Counties East League Whitstable
0%
National League South Worthing
0%
North West Counties League Wythenshawe
0%
No matching quizzes found
Score Distribution
Percent of People with Each Score
Percentile by Number Answered
Your Score History
You have not taken this quiz